000 00295nam a2200109Ia 4500
008 200302s9999 xx 000 0 und d
100 _aB. G. Hutchinson
245 _aPrinciples of Urban Transport Systems Planning
260 _bTata Mcgraw-Hill Publishing Co.
260 _c1947
300 _a444 P.,
999 _c5228
_d5228